Meilleurs buteurs 5 grands championnats depuis 2010 - Statistiques

Statistiques générales
  • Ce quiz a été pris 22 240 fois
    4 838 depuis la dernière actualisation
  • Le résultat moyen est 63 sur 81
Statistiques - réponses
Championnat Saison Club Nombre de buts Meilleur buteur % Correct
Ligue 1 2018-2019 PSG 33 Kylian Mbappé
99%
Ligue 1 2019-2020 PSG 18 Kylian Mbappé
99%
Ligue 1 2020-2021 PSG 27 Kylian Mbappé
99%
Ligue 1 2021-2022 PSG 28 Kylian Mbappé
99%
Ligue 1 2022-2023 PSG 29 Kylian Mbappé
99%
Ligue 1 2023-2024 PSG 27 Kylian Mbappé
99%
Liga 2024-2025 Real Madrid 31 Kylian Mbappé
99%
Liga 2010-2011 Real Madrid 40 Cristiano Ronaldo
97%
Liga 2013-2014 Real Madrid 31 Cristiano Ronaldo
97%
Liga 2014-2015 Real Madrid 48 Cristiano Ronaldo
97%
Serie A 2020-2021 Juventus 29 Cristiano Ronaldo
97%
Ligue 1 2016-2017 PSG 35 Edinson Cavani
96%
Ligue 1 2017-2018 PSG 28 Edinson Cavani
96%
Serie A 2012-2013 Naples 29 Edinson Cavani
96%
Premier League 2022-2023 Manchester City 36 Erling Haaland
96%
Premier League 2023-2024 Manchester City 27 Erling Haaland
96%
Premier League 2015-2016 Tottenham 25 Harry Kane
96%
Premier League 2016-2017 Tottenham 29 Harry Kane
96%
Premier League 2020-2021 Tottenham 23 Harry Kane
96%
Bundesliga 2023-2024 Bayern Munich 36 Harry Kane
96%
Bundesliga 2024-2025 Bayern Munich 26 Harry Kane
96%
Liga 2011-2012 FC Barcelone 50 Lionel Messi
96%
Liga 2012-2013 FC Barcelone 46 Lionel Messi
96%
Liga 2016-2017 FC Barcelone 37 Lionel Messi
96%
Liga 2017-2018 FC Barcelone 34 Lionel Messi
96%
Liga 2018-2019 FC Barcelone 36 Lionel Messi
96%
Liga 2019-2020 FC Barcelone 25 Lionel Messi
96%
Liga 2020-2021 FC Barcelone 30 Lionel Messi
96%
Premier League 2017-2018 Liverpool 32 Mohamed Salah
96%
Premier League 2018-2019 Liverpool 22 Mohamed Salah
96%
Premier League 2021-2022 Liverpool 23 Mohamed Salah
96%
Premier League 2024-2025 Liverpool 29 Mohamed Salah
96%
Ligue 1 2024-2025 PSG 21 Ousmane Dembélé
94%
Bundesliga 2013-2014 Borussia Dortmund 20 Robert Lewandowski
94%
Bundesliga 2015-2016 Bayern Munich 30 Robert Lewandowski
94%
Bundesliga 2017-2018 Bayern Munich 29 Robert Lewandowski
94%
Bundesliga 2018-2019 Bayern Munich 22 Robert Lewandowski
94%
Bundesliga 2019-2020 Bayern Munich 34 Robert Lewandowski
94%
Bundesliga 2020-2021 Bayern Munich 41 Robert Lewandowski
94%
Bundesliga 2021-2022 Bayern Munich 35 Robert Lewandowski
94%
Liga 2022-2023 FC Barcelone 23 Robert Lewandowski
94%
Ligue 1 2012-2013 PSG 30 Zlatan Ibrahimovic
94%
Ligue 1 2013-2014 PSG 26 Zlatan Ibrahimovic
94%
Ligue 1 2015-2016 PSG 38 Zlatan Ibrahimovic
94%
Serie A 2011-2012 AC Milan 28 Zlatan Ibrahimovic
94%
Premier League 2013-2014 Liverpool 31 Luis Suarez
92%
Liga 2015-2016 FC Barcelone 40 Luis Suarez
92%
Liga 2021-2022 Real Madrid 27 Karim Benzema
91%
Premier League 2021-2022 Tottenham 23 Heung-Min Son
88%
Premier League 2019-2020 Leicester 23 Jamie Vardy
88%
Ligue 1 2011-2012 Montpelier 21 Olivier Giroud
88%
Ligue 1 2014-2015 OL 27 Alexandre Lacazette
87%
Premier League 2014-2015 Manchester City 26 Sergio Agüero
87%
Premier League 2018-2019 Liverpool 22 Sadio Mané
85%
Serie A 2023-2024 Inter Milan 24 Lautaro Martinez
81%
Serie A 2013-2014 Torino 22 Ciro Immobile
69%
Serie A 2017-2018 Lazio 29 Ciro Immobile
69%
Serie A 2019-2020 Lazio 36 Ciro Immobile
69%
Serie A 2021-2022 Lazio 27 Ciro Immobile
69%
Bundesliga 2016-2017 Borussia Dortmund 31 Pierre-Emerick Aubameyang
69%
Premier League 2018-2019 Arsenal 22 Pierre-Emerick Aubameyang
69%
Serie A 2022-2023 Naples 26 Victor Osimhen
60%
Premier League 2011-2012 Arsenal 30 Robin Van Persie
53%
Premier League 2012-2013 Manchester United 26 Robin Van Persie
53%
Bundesliga 2022-2023 Leipzig 16 Christopher Nkunku
47%
Serie A 2015-2016 Naples 36 Gonzalo Higuain
45%
Serie A 2016-2017 AS Rome 29 Edin Dzeko
42%
Liga 2023-2024 Gérone 24 Artem Dovbyk
39%
Bundesliga 2010-2011 Bayern Munich 28 Mario Gomez
36%
Premier League 2010-2011 Manchester City 20 Carlos Tévez
35%
Serie A 2024-2025 Atalanta 25 Mateo Retegui
34%
Serie A 2010-2011 Udinese 28 Antonio Di Natale
32%
Serie A 2014-2015 Inter Milan 22 Mauro Icardi
30%
Serie A 2017-2018 Inter Milan 29 Mauro Icardi
30%
Bundesliga 2011-2012 Schalke 04 29 Klaas-Jan Huntelaar
28%
Ligue 1 2010-2011 LOSC 25 Moussa Sow
28%
Serie A 2018-2019 Sampdoria 26 Fabio Quagliarella
26%
Bundesliga 2022-2023 Werder Brême 16 Niclas Füllkrug
26%
Serie A 2014-2015 Hellas Verone 22 Luca Toni
17%
Bundesliga 2012-2013 Bayer Leverkusen 25 Stefan Kießling
8%
Bundesliga 2014-2015 Eintracht Francfort 19 Alexander Meier
4%
Aucun quiz correspondant
Distribution des résultats
% des personnes avec chaque résultat
Percentile par nombre de réponses
Votre historique - résultats
Vous n’avez pas pris ce quiz depuis la dernière actualisation